Principles of Micro-economics (Record no. 2460)

MARC details
005 - DATE AND TIME OF LATEST TRANSACTION
control field 20250520064034.0
020 ## - INTERNATIONAL STANDARD BOOK NUMBER
International Standard Book Number 978-0-07319398-4
082 ## - DEWEY DECIMAL CLASSIFICATION NUMBER
Classification number LECT 338.5 FRA
100 ## - MAIN ENTRY--PERSONAL NAME
Author name FRANK, R. H.
245 ## - TITLE STATEMENT
Title Principles of Micro-economics
250 ## - EDITION STATEMENT
Edition statement 3rd Ed.
260 ## - PUBLICATION, DISTRIBUTION, ETC.
Place of publication, distribution, etc. Boston,
Name of publisher, distributor, etc. McGraw-Hill,
Date of publication, distribution, etc. 2007.
300 ## - PHYSICAL DESCRIPTION
Extent xxxi, 490p.: ill.; figure, picture, table.
Other physical details Glossary & Index.
Dimensions 27cm.
700 ## - ADDED ENTRY--PERSONAL NAME
Other authors/Editors BERNANKE, B. S.
942 ## - ADDED ENTRY ELEMENTS (KOHA)
Source of classification or shelving scheme Dewey Decimal Classification
Koha item type Books
Holdings
Date last seen Total checkouts Full call number Barcode Cost, replacement price Price effective from Koha item type Lost status Source of classification or shelving scheme Damaged status Not for loan Withdrawn status Home library Current library Shelving location Date acquired Cost, normal purchase price
05/20/2025   LECT 338.5 FRA 0000009265 135000.00 05/20/2025 Books   Dewey Decimal Classification       College of Business Education Main Library College of Business Education Main Library General Collection 12/08/2010 45000.00
05/20/2025   LECT 338.5 FRA 0000009266 135000.00 05/20/2025 Books   Dewey Decimal Classification       College of Business Education Main Library College of Business Education Main Library General Collection 12/08/2010 45000.00